000 00370nam a2200121Ia 4500
008 240731s9999 xx 000 0 und d
022 _a1753-8076
245 0 _aJournal of Communication in Healthcare : Strategies, Media and Engagement in Global Health
260 _bTaylor & Francis
856 _uhttps://www.tandfonline.com/loi/ycih20
942 _2ddc
942 _cTFEJ
999 _c77554
_d77554
945 _a1
_bMadushi Gamage
_c1
_dMadushi Gamage